000 00715npm a2200205 i 4500
001 5253
003 ES-MaACL
005 20230908132245.0
007 hzrazu bucu
008 900426r19901905sp a 00010 spa d
080 _a511(022)
100 1 _aPérez de Moya, Juan.
_990794
245 1 0 _aAritmetica practica y especulativa
_b: [Microforma] /
_cdel bachiller Juan Perez de Moya.
260 _aMadrid :
_bAteneo Cientifico, Literario y Artistico,
_c1990.
300 _a1 carrete de microfilme :
_bnegativo ;
_c16 mm.
500 _aPublicado originalmente: Barcelona, Imp. Rafael Figuero, 1705.
852 _aES-MaACL
_jMC-386
_95370
_cDEPO1
942 _2udc
_cMICROFORMA
999 _c5253
_d5253